Zpráva výboru rozpočtového o vládním návrhu státního rozpočtu rep. Čsl. a fin. zákona

Na minha lista:
Detalhes bibliográficos
Formato: Periódico
Idioma:tcheco
Publicado em: Praha Poslanecká sněmovna N.S. republiky Československé 1924/1925
Tags: Adicionar Tag
Sem tags, seja o primeiro a adicionar uma tag!

MARC

LEADER 00000nas2a2200000$$$4500
001 0017658
005 20250730114356.6
041 0 |a cze 
044 |a CZ 
245 1 0 |a Zpráva výboru rozpočtového o vládním návrhu státního rozpočtu rep. Čsl. a fin. zákona 
264 1 |a Praha  |b Poslanecká sněmovna N.S. republiky Československé  |c 1924/1925 
300 |a 1 zv. 
773 0 |w eu_un_cat*0017657